BAYANG SOFEA

Bibliographic Details
Main Author: TEME ABDULLAH (Author)
Format: Book
Published: Kajang, Selangor Iman Publication Sdn.Bhd
Subjects:
LEADER 00695cam a2200217 i 4500
001 0000150582
005 20260116090000.0
008 260116t2024 my a e may
020 |a 9786297665122  |q paperback  |c RM34.00 
040 |a RMC  |b eng  |c RMC  |e rda 
090 0 0 |a FM  |b TEM 
100 1 |a TEME ABDULLAH  |e author 
245 1 0 |a BAYANG SOFEA  |c TEME ABDULLAH 
264 1 |a Kajang, Selangor  |b Iman Publication Sdn.Bhd 
300 |a 492pages  |c 19cm 
336 |a text  |2 rdacontent 
337 |a unmediated  |2 rdamedia 
338 |a volume  |2 rdacarrier 
650 1 0 |a Malaysian fiction (Malay)  
852 1 |a RMC 
999 |a 0000041557  |b Royal Military College  |d BOOKS  |e Umum  |f Royal Military College  |j AVAILABLE  |q GOOD CONDITION